Normal view
MARC view
Entry Topical Term
001 - CONTROL NUMBER
- control field: 23137
003 - CONTROL NUMBER IDENTIFIER
- control field: OSt
005 - DATE AND TIME OF LATEST TRANSACTION
- control field: 20250326073009.0
008 - FIXED-LENGTH DATA ELEMENTS
- fixed length control field: 250326|| aca||aabn | a|a d
040 ## - CATALOGING SOURCE
- Original cataloging agency: OSt
- Transcribing agency: OSt
150 ## - HEADING--TOPICAL TERM
- Topical term or geographic name entry element: Archaeology
- Form subdivision: Religious aspects
670 ## - SOURCE DATA FOUND
- Source citation: Work cat.: (OSt)6762: Wearner, Robert G 23134, An eruption on the temple mount /, 2001.